| 000 | 01095cam a2200205 4500 | ||
|---|---|---|---|
| 001 | ##L135565 | ||
| 008 | 061108n2006 000 0 eng u | ||
| 035 | _a(Sirsi) u135565 | ||
| 041 | 0 | _aeng | |
| 050 | 0 | 4 | _a614.76 $2 18 |
| 110 | 2 |
_aEngland and Wales _bEnvironment Agency _92469 |
|
| 245 | 0 | 0 |
_aTreatment and landfilling of hazardous waste _h[electronic resource] |
| 260 |
_a[S.l.] _bEnvironment Agency _c2006 |
||
| 520 | _aClarifies what the Environment Agency expects of all those treating and landfilling hazardous waste in a period of changes to the law. Provides an overview, background information and information on government policy. Highlights hazardous waste treatment methods and the future for the treatment. Presents the Environment Agency's position statement. | ||
| 590 | _aIKA141106 | ||
| 651 | 4 |
_aEngland _y886- |
|
| 690 | _aENVIRONMENTAL AND LAND CONSULTANCY-WASTE MANAGEMENT-HAZARDOUS WASTE TREATMENT | ||
| 856 | 4 | 0 |
_uhttps://www.environment-agency.gov.uk/research/library/position/41221.aspx _zView the note free of charge at www.environment-agency.gov.uk |
| 942 | _n0 | ||
| 999 |
_c106099 _d106099 |
||